| 000 | 00820nam a22001937a 4500 | ||
|---|---|---|---|
| 999 |
_c59986 _d59986 |
||
| 003 | Ge_BSU | ||
| 005 | 20230529105934.0 | ||
| 008 | 230529s2010ge xxu||||| |||| 00| 0 geo d | ||
| 020 | _a9789941026829 | ||
| 041 | _ageo | ||
| 080 | _a821.353.1-32 ლ-85 | ||
| 100 |
_aლორთქიფანიძე, ნინო. _917544 |
||
| 245 |
_aსულიდან სიტყვა... : _b[პროზა, პოეზია] / _c ნინო ლორთქიფანიძე ; [რედ. ნარო კოლხელი ; ავტორის ნახატები]. |
||
| 264 |
_aთბილისი, _c2010. |
||
| 300 |
_a214გვ. : _bნახ. ; _c20 სმ. |
||
| 653 | _aპროზა: | ||
| 700 |
_aკოლხელი, ნარო _eრედაქტორი _918249 |
||
| 942 |
_2udc _cBK |
||